Fundamentos de servotecnia
محفوظ في:
| المؤلف الرئيسي: | |
|---|---|
| التنسيق: | كتاب |
| اللغة: | الإسبانية |
| منشور في: |
Madrid
Paraninfo
1971
|
| سلاسل: | Biblioteca Técnica Philips
|
| الموضوعات: | |
| الوسوم: |
إضافة وسم
لا توجد وسوم, كن أول من يضع وسما على هذه التسجيلة!
|
MARC
| LEADER | 00000nam a2200000 a 4500 | ||
|---|---|---|---|
| 001 | UCU3957 | ||
| 003 | CL-VaPUC | ||
| 008 | 960517e19710000SP |||||||||||||||||spa|d | ||
| 082 | 0 | 4 | |a 629.8 |b BAR |2 21 |
| 100 | 0 | |a Barquero, Joaquín G |e author |9 361208 | |
| 245 | 1 | 0 | |a Fundamentos de servotecnia |
| 300 | |a 248 p | ||
| 942 | |c BK | ||
| 945 | |d 19960517 00:00:00 |a cmena | ||
| 260 | |a Madrid |b Paraninfo |c 1971 | ||
| 650 | 0 | |a Servomecanismos |9 260343 | |
| 650 | 0 | |a Ingeniería mecánica |9 262089 | |
| 650 | 0 | |a Motores |9 334293 | |
| 650 | 0 | |a Automatización |9 299909 | |
| 650 | 0 | |a Motores eléctricos |9 260085 | |
| 650 | 7 | |a CONVERTIDORES ELECTRICOS |2 CL-VaPUC |9 345464 | |
| 650 | 0 | |a Transformadores |9 345471 | |
| 583 | |a last modification |c 19960517 00:00:00 |k Rodrigo Vera | ||
| 490 | 0 | |a Biblioteca Técnica Philips | |
| 999 | |c 247802 |d 247800 | ||
| 952 | |0 0 |1 0 |4 0 |6 629_800000000000000_BAR_1971 |7 0 |8 A |9 263974 |a BIBING |b BIBING |d 2019-11-19 |i 1660306 |o 629.8 BAR 1971 |p 1660306 |r 2025-01-20 |w 2019-11-19 |y BK |k EIE | ||